Habsburgermonarchie im Jahr 1740 - Statistiken

Allgemein
  • Dieses Quiz wurde 33 mal gespielt
  • Das Durchschnittsergebnis liegt bei 7 aus 17
Antwortstatistiken
Tipp Antwort % Korrekt
Ungarn Königreich Ungarn
70%
Österreich Erzherzogtum Österreich
59%
Tschechien Königreich Böhmen
59%
Luxemburg Herzogtum Luxemburg
52%
Österreich und Teils Italien Grafschaft Tirol
48%
Österreich Herzogtum Kärnten
44%
Österreich Herzogtum Steiermark
44%
Tschechien Markgrafschaft Mähren
44%
Größtenteils Slowenien Herzogtum Krain
33%
Italien Herzogtum Mailand
33%
Größtenteils Polen Herzogtum Schlesien
30%
Belgien Österreichische Niederlande
30%
Kroatien Königreich Dalmatien
26%
Kroatien Königreich Kroatien
26%
Rumänien Großfürstentum Siebenbürgen
22%
Österreich Vorarlberg
22%
Italien Großherzogtum Toskana
19%
Keine übereinstimmenden Quizze gefunden
Verteilung der Resultate
Anzahl Personen mit jedem Resultat
Perzentil nach korrekt beantworteten Fragen
Ihre Resultats-Entwicklung
Sie haben dieses Quiz noch nicht gespielt